[Event "Powell Memorial G/45"]
[Site "San Francisco"]
[Date "2006.05.06"]
[Round "2"]
[White "Garbe, Kurt"]
[Black "Mohan, Vijay"]
[Result "0-1"]
[WhiteElo "1243"]
[BlackElo "1520"]
[PlyCount "60"]
[EventDate "2006.05.06"]
[EventType "swiss (rapid)"]
[EventRounds "5"]
[EventCountry "USA"]

1. e4 c5 2. Nc3 Nc6 3. f4 g6 4. Nf3 Bg7 5. Bc4 d6 6. O-O e6 7. a3 Nge7 8. Qe1
O-O 9. d3 Nd4 10. Rf2 d5 11. Ba2 Qa5 12. Bd2 Qb6 13. Bc1 c4 14. Rb1 Nxf3+ 15.
gxf3 Bd4 16. dxc4 Bxf2+ 17. Qxf2 Qxf2+ 18. Kxf2 dxc4 19. Bxc4 Nc6 20. Nb5 a6
21. Nd6 Na5 22. Ba2 Rd8 23. Nxc8 Raxc8 24. c3 Nc4 25. Ke2 b5 26. b3 Nb6 27. Be3
Rd6 28. Bd4 Rxd4 29. cxd4 Rc2+ 30. Kd3 Rxa2 0-1

[Event "Powell Memorial G/45"]
[Site "San Francisco"]
[Date "2006.05.06"]
[Round "2"]
[White "Guzman, Ricardo De"]
[Black "Falconer, Neil"]
[Result "1-0"]
[WhiteElo "2473"]
[BlackElo "1961"]
[PlyCount "61"]
[EventDate "2006.05.06"]
[EventType "swiss (rapid)"]
[EventRounds "5"]
[EventCountry "USA"]

1. e4 e5 2. Nc3 Nc6 3. Bc4 Nf6 4. d3 Be7 5. f4 d6 6. Nf3 exf4 7. Bxf4 Be6 8.
Bb3 Nh5 9. Be3 Bh4+ 10. g3 Be7 11. O-O Nf6 12. d4 d5 13. exd5 Nxd5 14. Nxd5
Bxd5 15. c4 Be4 16. d5 Bxf3 17. Qxf3 Ne5 18. Qe4 Bf6 19. Bc5 Qd7 20. Rf5 O-O-O
21. Rxe5 Bxe5 22. Qxe5 Rde8 23. Qh5 g6 24. Qf3 f5 25. Bxa7 Re4 26. Bf2 Rhe8 27.
c5 g5 28. c6 bxc6 29. dxc6 Qxc6 30. Qxf5+ Kb8 31. Bd5 1-0

[Event "Powell Memorial G/45"]
[Site "San Francisco"]
[Date "2006.05.06"]
[Round "2"]
[White "Kislik, Erik"]
[Black "Zavadsky, Peter"]
[Result "1-0"]
[WhiteElo "1963"]
[BlackElo "2302"]
[PlyCount "65"]
[EventDate "2006.05.06"]
[EventType "swiss (rapid)"]
[EventRounds "5"]
[EventCountry "USA"]

1. e4 e6 2. d4 d5 3. e5 c5 4. c3 Nc6 5. Nf3 Bd7 6. Be2 Rc8 7. O-O Nh6 8. a3 Nf5
9. b4 cxd4 10. cxd4 Qb6 11. Bb2 Be7 12. Bd3 Ncxd4 13. Nxd4 Nxd4 14. Qg4 Nf5 15.
Bxf5 exf5 16. Qxg7 Rf8 17. Nc3 Be6 18. Rfd1 d4 19. Ne2 d3 20. Rxd3 Rc2 21. Bd4
Qc6 22. Nc3 Qc4 23. Rad1 Rc1 24. Rxc1 Qxd3 25. Rd1 Qc4 26. Qxh7 a5 27. bxa5
Bxa3 28. Qh3 Bb4 29. Qd3 Qxd3 30. Rxd3 Bxa5 31. Bc5 Rg8 32. Nb5 b6 33. Nc7# 1-0

[Event "Powell Memorial G/45"]
[Site "San Francisco"]
[Date "2006.05.06"]
[Round "2"]
[White "Kumar, Jay"]
[Black "Zheng, Daniel"]
[Result "1/2-1/2"]
[WhiteElo "1587"]
[BlackElo "1285"]
[PlyCount "86"]
[EventDate "2006.05.06"]
[EventType "swiss (rapid)"]
[EventRounds "5"]
[EventCountry "USA"]

1. e4 c5 2. d4 cxd4 3. c3 dxc3 4. Nxc3 Nc6 5. Nf3 d6 6. Bc4 Nf6 7. h3 g6 8. O-O
Bg7 9. Qe2 O-O 10. Rd1 Qa5 11. Be3 Bd7 12. a3 Rac8 13. Bg5 Rfd8 14. b4 Qc7 15.
Bxf6 Bxf6 16. Nd5 Qb8 17. Nxf6+ exf6 18. Rd2 Be6 19. Bd5 Ne5 20. Bxe6 fxe6 21.
Nd4 Kf7 22. Rad1 a6 23. b5 axb5 24. Nxb5 Rc6 25. f4 Nc4 26. Rd4 Nb6 27. Qa2 d5
28. exd5 Rxd5 29. a4 Rxd4 30. Rxd4 Nd5 31. Qd2 b6 32. g4 Qc8 33. Qd3 Rc1+ 34.
Kg2 Qc2+ 35. Qxc2 Rxc2+ 36. Kf3 Rc5 37. h4 e5 38. fxe5 fxe5 39. Re4 Ke6 40.
Nd4+ Kd6 41. Nb5+ Ke6 42. Nd4+ Kd6 43. Nb5+ Ke6 1/2-1/2

[Event "Powell Memorial G/45"]
[Site "San Francisco"]
[Date "2006.05.06"]
[Round "2"]
[White "Maparara, Anthony"]
[Black "Rekun, Kyrill"]
[Result "1-0"]
[WhiteElo "1610"]
[BlackElo "1432"]
[PlyCount "83"]
[EventDate "2006.05.06"]
[EventType "swiss (rapid)"]
[EventRounds "5"]
[EventCountry "USA"]

1. d4 Nf6 2. Nc3 e6 3. e4 d6 4. Nf3 Nc6 5. Bg5 Be7 6. Bd3 O-O 7. O-O e5 8. d5
Nb8 9. h3 Nbd7 10. Ne2 Nc5 11. Ng3 h6 12. Bxf6 Bxf6 13. b4 Nxd3 14. Qxd3 Bd7
15. c4 a6 16. Rac1 b5 17. c5 Qb8 18. c6 Be8 19. Nh5 Be7 20. Nh2 f5 21. Ng3 Bg5
22. Rce1 fxe4 23. Nxe4 Bg6 24. Qg3 Bxe4 25. Rxe4 Bf4 26. Qg4 Qc8 27. Qe2 Qf5
28. Ng4 Rf7 29. g3 Bg5 30. h4 Be7 31. f4 Raf8 32. Kg2 Qg6 33. h5 Qh7 34. Nh2
Bf6 35. f5 Bg5 36. g4 Kh8 37. Nf3 Bf4 38. Nh4 Kg8 39. Ng6 Re8 40. Rfxf4 exf4
41. Rxe8+ Rf8 42. Qe6# 1-0

[Event "Powell Memorial G/45"]
[Site "San Francisco"]
[Date "2006.05.06"]
[Round "2"]
[White "Parker, Harold"]
[Black "Zhu, Kevin"]
[Result "1-0"]
[WhiteElo "1551"]
[BlackElo "1358"]
[PlyCount "51"]
[EventDate "2006.05.06"]
[EventType "swiss (rapid)"]
[EventRounds "5"]
[EventCountry "USA"]

1. e4 c5 2. Nf3 Nc6 3. d4 cxd4 4. Nxd4 g6 5. c4 Bg7 6. Be3 Nf6 7. Nc3 O-O 8.
Be2 d6 9. O-O Bd7 10. Qd2 Re8 11. f3 Rc8 12. Rac1 Ne5 13. b3 a5 14. Nd5 a4 15.
b4 Nxd5 16. cxd5 f5 17. Ne6 Bxe6 18. dxe6 Rxc1 19. Rxc1 fxe4 20. fxe4 Rf8 21.
h3 Rf6 22. Bd4 Rxe6 23. Bxe5 Rxe5 24. Kh1 Rxe4 25. Qd5+ Kh8 26. Qxe4 {
remainder illegible} 1-0

[Event "Powell Memorial G/45"]
[Site "San Francisco"]
[Date "2006.05.06"]
[Round "2"]
[White "Sanguinetti, George"]
[Black "Mitev, Krassen"]
[Result "1-0"]
[WhiteElo "1959"]
[BlackElo "1482"]
[PlyCount "65"]
[EventDate "2006.05.06"]
[EventType "swiss (rapid)"]
[EventRounds "5"]
[EventCountry "USA"]

1. e4 c6 2. d4 d5 3. exd5 cxd5 4. c4 Nf6 5. Nc3 Nc6 6. a3 dxc4 7. d5 Ne5 8. Bf4
Ng6 9. Bg3 e5 10. Bxc4 a6 11. h3 Bd6 12. Nge2 O-O 13. O-O b5 14. Ba2 Bb7 15.
Qd2 Qb6 16. Rad1 Rfe8 17. Rfe1 a5 18. Bb1 Rac8 19. Kh1 Nh5 20. Ne4 Nxg3+ 21.
N2xg3 Ne7 22. Nxd6 Qxd6 23. Qxa5 b4 24. Ne4 Qg6 25. Nc5 Rxc5 26. Qxc5 Qg5 27.
f4 exf4 28. Qb5 Rb8 29. Qxb4 Ng6 30. Bxg6 hxg6 31. Qe7 Qg3 32. Qc7 f3 33. Qxg3
1-0

[Event "Powell Memorial G/45"]
[Site "San Francisco"]
[Date "2006.05.06"]
[Round "2"]
[White "Tsai, Chris"]
[Black "Srinivasan, Aditya"]
[Result "1-0"]
[WhiteElo "1509"]
[BlackElo "1141"]
[PlyCount "57"]
[EventDate "2006.05.06"]
[EventType "swiss (rapid)"]
[EventRounds "5"]
[EventCountry "USA"]

1. d4 d5 2. Nf3 Nf6 3. Bg5 Nc6 4. e3 Bg4 5. Nbd2 e5 6. h3 Bxf3 7. Nxf3 e4 8.
Ne5 Qd6 9. Bb5 Be7 10. Bf4 Qb4+ 11. Qd2 Qxb5 12. a4 Qxb2 13. O-O Nxe5 14. dxe5
Nh5 15. Rfb1 Bb4 16. Qxb4 Qxc2 17. Bh2 Qc6 18. Qb5 Qxb5 19. Rxb5 O-O-O 20. g4
a6 21. Rb2 d4 22. exd4 Rxd4 23. gxh5 Re8 24. Rc1 f5 25. exf6 gxf6 26. Rxc7+ Kd8
27. Rbxb7 Rg8+ 28. Kf1 Rxa4 29. Rb8# 1-0

[Event "Powell Memorial G/45"]
[Site "San Francisco"]
[Date "2006.05.06"]
[Round "2"]
[White "Young, Gregory"]
[Black "Vayntrub, Dmitry"]
[Result "0-1"]
[WhiteElo "1870"]
[BlackElo "2120"]
[PlyCount "29"]
[EventDate "2006.05.06"]
[EventType "swiss (rapid)"]
[EventRounds "5"]
[EventCountry "USA"]

1. e4 c5 2. Nf3 d6 3. d4 cxd4 4. Nxd4 Nf6 5. Nc3 g6 6. Bc4 Bg7 7. f3 Nc6 8. Be3
Qb6 9. Ncb5 Qa5+ 10. Bd2 Qd8 11. Be3 O-O 12. Bb3 Bd7 13. Qd2 Rc8 14. O-O-O Ne5
15. g4 {remainder illegible} 0-1

[Event "Powell Memorial G/45"]
[Site "San Francisco"]
[Date "2006.05.06"]
[Round "3"]
[White "Bayaraa, Bekhtur"]
[Black "Kumar, Jay"]
[Result "0-1"]
[WhiteElo "1596"]
[BlackElo "1587"]
[PlyCount "78"]
[EventDate "2006.05.06"]
[EventType "swiss (rapid)"]
[EventRounds "5"]
[EventCountry "USA"]

1. e4 c5 2. Nf3 d6 3. d4 cxd4 4. Nxd4 Nf6 5. Nc3 g6 6. Be3 Bg7 7. Bc4 O-O 8.
Bb3 Nc6 9. f3 Bd7 10. Qd2 Rc8 11. O-O-O a6 12. h4 h5 13. Bh6 Ne5 14. Bxg7 Kxg7
15. f4 Nc4 16. Bxc4 Rxc4 17. f5 Qa5 18. Nb3 Qc7 19. fxg6 fxg6 20. Nd5 Nxd5 21.
exd5 b5 22. Nd4 Qc5 23. Rhe1 Rf7 24. Ne6+ Bxe6 25. Rxe6 Rxh4 26. Rde1 Qc7 27.
c3 b4 28. R1e3 bxc3 29. Qxc3+ Qxc3+ 30. Rxc3 Rg4 31. g3 Rd4 32. Rce3 Rxd5 33.
Rxe7 g5 34. Rxf7+ Kxf7 35. Kc2 Kf6 36. Rf3+ Kg6 37. a4 a5 38. Rd3 Rxd3 39. Kxd3
h4 0-1

[Event "Powell Memorial G/45"]
[Site "San Francisco"]
[Date "2006.05.06"]
[Round "3"]
[White "Bukh, Yefim"]
[Black "Tsai, Chris"]
[Result "1-0"]
[WhiteElo "1940"]
[BlackElo "1509"]
[PlyCount "46"]
[EventDate "2006.05.06"]
[EventType "swiss (rapid)"]
[EventRounds "5"]
[EventCountry "USA"]

1. e4 c5 2. Nf3 Nc6 3. Bb5 e6 4. O-O Nge7 5. c3 a6 6. Ba4 b5 7. Bc2 g6 8. d4
cxd4 9. cxd4 d5 10. e5 Bg7 11. Bg5 O-O 12. Qd2 Qb6 13. Nc3 Bd7 14. Bf6 Nf5 15.
Bxf5 exf5 16. Nxd5 Qa7 17. Rad1 Be6 18. Nc3 Bc4 19. Rfe1 b4 20. Ne2 Bxa2 21.
Nf4 Ne7 22. Ng5 Bh8 23. Bxh8 Kxh8 {remainder illegible} 1-0

[Event "Powell Memorial G/45"]
[Site "San Francisco"]
[Date "2006.05.06"]
[Round "3"]
[White "Falconer, Neil"]
[Black "Maparara, Anthony"]
[Result "0-1"]
[WhiteElo "1961"]
[BlackElo "1610"]
[PlyCount "85"]
[EventDate "2006.05.06"]
[EventType "swiss (rapid)"]
[EventRounds "5"]
[EventCountry "USA"]

1. e4 b6 2. d4 Bb7 3. Nc3 e6 4. Nf3 Bb4 5. Bd3 Nf6 6. Qe2 h6 7. Bd2 O-O 8. a3
Be7 9. O-O-O c5 10. dxc5 bxc5 11. h4 Nh7 12. g4 Nc6 13. e5 Nd4 14. Nxd4 Bxh1
15. Rxh1 cxd4 16. Qe4 f5 17. exf6 Nxf6 18. Qxd4 Qb6 19. Qxb6 axb6 20. g5 hxg5
21. hxg5 Ng4 22. Nd1 Ne5 23. Bh7+ Kf7 24. f4 Ng6 25. Bc3 Bd6 26. Bxg6+ Kxg6 27.
Be5 Bxe5 28. fxe5 Kxg5 29. Rg1+ Kh6 30. Rh1+ Kg6 31. Rg1+ Kh7 32. Rh1+ Kg8 33.
Ne3 Ra5 34. Nc4 Ra6 35. Rd1 b5 36. Nd6 Rb6 37. b3 b4 38. a4 Rf3 39. Kb2 Rc6 40.
Rd4 Rf2 41. Nc4 Rc7 42. Rd6 Kf7 43. Rb6 {remainder illegible} 0-1

[Event "Powell Memorial G/45"]
[Site "San Francisco"]
[Date "2006.05.06"]
[Round "3"]
[White "Konda, Adarsh"]
[Black "Graham, Nathaniel"]
[Result "0-1"]
[WhiteElo "2000"]
[BlackElo "2276"]
[PlyCount "56"]
[EventDate "2006.05.06"]
[EventType "swiss (rapid)"]
[EventRounds "5"]
[EventCountry "USA"]

1. d4 d5 2. c4 c6 3. Nc3 Nf6 4. Nf3 dxc4 5. a4 Bf5 6. e3 e6 7. Bxc4 Bb4 8. O-O
Nbd7 9. Bd3 Bxd3 10. Qxd3 O-O 11. e4 Bxc3 12. bxc3 Nc5 13. Qb1 Ncxe4 14. Qxb7
Nxc3 15. Qxc6 Ne2+ 16. Kh1 Nxd4 17. Nxd4 Qxd4 18. Be3 Qd5 19. Qb5 a6 20. Qe2
Rfc8 21. Rfd1 Qe5 22. Qf3 Qe4 23. Qg3 Qg4 24. Qd6 Nd5 25. Bd4 Nf4 26. Rg1 Rd8
27. Qe5 Nd3 28. h3 Qxd4 0-1

[Event "Powell Memorial G/45"]
[Site "San Francisco"]
[Date "2006.05.06"]
[Round "3"]
[White "Mitev, Krassen"]
[Black "Zheng, Daniel"]
[Result "1-0"]
[WhiteElo "1482"]
[BlackElo "1285"]
[PlyCount "79"]
[EventDate "2006.05.06"]
[EventType "swiss (rapid)"]
[EventRounds "5"]
[EventCountry "USA"]

1. d4 d5 2. c4 dxc4 3. Nc3 Nf6 4. e3 Bf5 5. Bxc4 e6 6. Nge2 Bd6 7. O-O O-O 8.
f3 Bg6 9. e4 e5 10. Be3 Nbd7 11. Rc1 Nb6 12. Bb3 a6 13. a3 Qe7 14. Qe1 Nfd7 15.
Qf2 Kh8 16. g4 f6 17. Ng3 Bf7 18. Bxf7 Qxf7 19. Nf5 Qb3 20. Nxd6 cxd6 21. Rfd1
Rfd8 22. Qc2 Qxc2 23. Rxc2 Nc4 24. Bf2 Rac8 25. Rdc1 Ndb6 26. Ne2 Na5 27. dxe5
Rxc2 28. Rxc2 Rc8 29. Rxc8+ Nxc8 30. e6 Nc4 31. Bd4 Kg8 32. f4 Kf8 33. Kf2 Ke7
34. f5 N8b6 35. h4 Nc8 36. Nc3 Ne5 37. Nd5+ Kd8 38. g5 Ke8 39. gxf6 gxf6 40.
Nxf6+ 1-0

[Event "Powell Memorial G/45"]
[Site "San Francisco"]
[Date "2006.05.06"]
[Round "3"]
[White "Mohan, Vijay"]
[Black "Young, Gregory"]
[Result "0-1"]
[WhiteElo "1520"]
[BlackElo "1870"]
[PlyCount "41"]
[EventDate "2006.05.06"]
[EventType "swiss (rapid)"]
[EventRounds "5"]
[EventCountry "USA"]

1. e4 c5 2. Nc3 Nc6 3. f4 g6 4. Nf3 Bg7 5. Bb5 Nd4 6. O-O Nxb5 7. Nxb5 d5 8.
exd5 a6 9. Nc3 Nf6 10. d3 Nxd5 11. Nxd5 Qxd5 12. c3 Bf5 13. d4 O-O 14. Be3 Qe4
15. Qe1 cxd4 16. Nxd4 b5 17. Nxf5 Qxf5 18. Rd1 Rad8 19. Qf2 Rd3 20. Qf3 Rfd8
21. Qe2 {no more moves recorded} 0-1

[Event "Powell Memorial G/45"]
[Site "San Francisco"]
[Date "2006.05.06"]
[Round "3"]
[White "Smelansky, Vadim"]
[Black "Brown, Charles"]
[Result "1-0"]
[WhiteElo "1789"]
[BlackElo "631"]
[PlyCount "71"]
[EventDate "2006.05.06"]
[EventType "swiss (rapid)"]
[EventRounds "5"]
[EventCountry "USA"]

1. e4 c5 2. f4 Nc6 3. Nf3 d6 4. Bc4 Nf6 5. Nc3 e6 6. O-O g6 7. e5 dxe5 8. fxe5
Nd7 9. Bb5 Qc7 10. Qe2 Bg7 11. d3 O-O 12. Bxc6 Qxc6 13. Bf4 Qb6 14. b3 Qc7 15.
Nb5 Qb6 16. Nd6 Qc7 17. Rae1 Nb6 18. c4 Bd7 19. Qe3 Bc6 20. Bh6 Bxf3 21. Rxf3
Qe7 22. Rh3 f5 23. exf6 Bxf6 24. Qxe6+ Qxe6 25. Rxe6 Bd4+ 26. Be3 Rf6 27. Rxf6
Bxf6 28. Bxc5 Be7 29. Nxb7 Rb8 30. Bxe7 Rxb7 31. Bg5 Nd7 32. Re3 Nc5 33. d4 Nd7
34. Re8+ Kf7 35. Re7+ Kg8 36. Bh6 1-0

[Event "Powell Memorial G/45"]
[Site "San Francisco"]
[Date "2006.05.06"]
[Round "3"]
[White "Sowell, Nelson"]
[Black "Sanguinetti, George"]
[Result "1-0"]
[WhiteElo "1700"]
[BlackElo "1959"]
[PlyCount "85"]
[EventDate "2006.05.06"]
[EventType "swiss (rapid)"]
[EventRounds "5"]
[EventCountry "USA"]

1. d4 Nf6 2. c4 e6 3. g3 c5 4. d5 exd5 5. cxd5 d6 6. Nf3 Na6 7. Bg2 Nc7 8. Nc3
g6 9. O-O Bg7 10. Bg5 h6 11. Bxf6 Qxf6 12. Qd2 O-O 13. Rab1 b5 14. e4 Re8 15.
Rfe1 Bg4 16. Re3 a5 17. h3 Bd7 18. Rbe1 b4 19. Nd1 a4 20. e5 Qd8 21. exd6 Nb5
22. Rxe8+ Bxe8 23. d7 Bxd7 24. Ne5 Nd4 25. Qf4 Bf5 26. g4 g5 27. Qg3 Bc2 28.
Ne3 b3 29. axb3 axb3 30. Nc6 Qd7 31. Nxd4 cxd4 32. Nc4 f5 33. Nb6 Re8 34. Nxd7
Rxe1+ 35. Kh2 f4 36. Qf3 d3 37. d6 Kh8 38. Qd5 Bxb2 39. Qa8+ Kg7 40. Qf8+ Kh7
41. Bd5 Bg7 42. Nf6+ Bxf6 43. Qg8# 1-0

[Event "Powell Memorial G/45"]
[Site "San Francisco"]
[Date "2006.05.06"]
[Round "3"]
[White "Vayntrub, Dmitry"]
[Black "Kislik, Erik"]
[Result "1-0"]
[WhiteElo "2120"]
[BlackElo "1963"]
[PlyCount "63"]
[EventDate "2006.05.06"]
[EventType "swiss (rapid)"]
[EventRounds "5"]
[EventCountry "USA"]

1. c4 Nf6 2. g3 g6 3. Bg2 Bg7 4. Nc3 O-O 5. Nf3 d6 6. d4 Nc6 7. O-O e5 8. d5
Ne7 9. Bg5 h6 10. Bd2 Kh8 11. e4 Nfg8 12. Ne1 c5 13. Nd3 g5 14. a3 Ng6 15. b4
b6 16. Qe2 Bd7 17. b5 Qc8 18. a4 Bh3 19. a5 Bxg2 20. Kxg2 Rb8 21. axb6 axb6 22.
Ra6 N8e7 23. Rfa1 f5 24. exf5 Nxf5 25. Qe4 Nfh4+ 26. gxh4 Nxh4+ 27. Kf1 Qh3+
28. Ke2 Nf3 29. Kd1 Qf1+ 30. Kc2 Qh3 31. Ra7 Qh5 32. Rd7 1-0

[Event "Powell Memorial G/45"]
[Site "San Francisco"]
[Date "2006.05.06"]
[Round "3"]
[White "Zavadsky, Peter"]
[Black "Parker, Harold"]
[Result "1-0"]
[WhiteElo "2302"]
[BlackElo "1551"]
[PlyCount "69"]
[EventDate "2006.05.06"]
[EventType "swiss (rapid)"]
[EventRounds "5"]
[EventCountry "USA"]

1. d4 d5 2. c4 e6 3. Nc3 Nf6 4. Bg5 Nbd7 5. e3 Be7 6. Nf3 h6 7. Bh4 O-O 8. Rc1
c5 9. Bd3 cxd4 10. exd4 dxc4 11. Bxc4 Nb6 12. Bb3 Bd7 13. O-O Rc8 14. Re1 Re8
15. Ne5 Nfd5 16. Nxd5 Bxh4 17. Nxb6 Bxf2+ 18. Kxf2 axb6 19. Rxc8 Bxc8 20. Kg1
b5 21. Kh1 b6 22. Qd3 b4 23. Bc2 f5 24. Bb3 Bb7 25. Qxf5 Qf6 26. Qxf6 gxf6 27.
Ng4 Kg7 28. Rxe6 Rxe6 29. Bxe6 h5 30. Ne3 Kf8 31. Nf5 Be4 32. d5 Bb1 33. d6 Ke8
34. d7+ Kd8 35. Nd6 1-0

[Event "Powell Memorial G/45"]
[Site "San Francisco"]
[Date "2006.05.06"]
[Round "4"]
[White "Garbe, Kevin"]
[Black "Mohan, Vijay"]
[Result "0-1"]
[WhiteElo "1339"]
[BlackElo "1520"]
[PlyCount "66"]
[EventDate "2006.05.06"]
[EventType "swiss (rapid)"]
[EventRounds "5"]
[EventCountry "USA"]

1. d4 f5 2. c4 Nf6 3. Nc3 e6 4. Nf3 d5 5. Bg5 c6 6. e3 Bd6 7. Be2 Nbd7 8. O-O
O-O 9. h3 b6 10. a3 Bb7 11. b4 h6 12. Bh4 Qe8 13. cxd5 exd5 14. Qd2 Ne4 15.
Nxe4 fxe4 16. Nh2 g5 17. Bg3 Bxg3 18. fxg3 Qe7 19. Rxf8+ Rxf8 20. Rf1 Rxf1+ 21.
Nxf1 c5 22. g4 c4 23. Ng3 Nf8 24. a4 Bc8 25. b5 Qa3 26. Bd1 a6 27. Nh5 Nh7 28.
g3 axb5 29. axb5 Qd3 30. Qe2 Qxe2 31. Bxe2 Bd7 32. h4 Bxb5 33. Kf2 c3 0-1

[Event "Powell Memorial G/45"]
[Site "San Francisco"]
[Date "2006.05.06"]
[Round "4"]
[White "Kislik, Erik"]
[Black "Sowell, Nelson"]
[Result "1-0"]
[WhiteElo "1963"]
[BlackElo "1700"]
[PlyCount "43"]
[EventDate "2006.05.06"]
[EventType "swiss (rapid)"]
[EventRounds "5"]
[EventCountry "USA"]

1. e4 Nf6 2. e5 Nd5 3. c4 Nb6 4. a4 a5 5. c5 Nd5 6. Nc3 Nb4 7. Bc4 d6 8. cxd6
exd6 9. Nf3 d5 10. Bb3 Nd3+ 11. Kf1 c6 12. Bc2 Nb4 13. d4 b6 14. h3 Be7 15. Bf4
O-O 16. h4 Bg4 17. Bxh7+ Kxh7 18. Ng5+ Bxg5 19. hxg5+ Kg6 20. Qxg4 Rh8 21. Rh6+
Rxh6 22. gxh6+ 1-0

[Event "Powell Memorial G/45"]
[Site "San Francisco"]
[Date "2006.05.06"]
[Round "4"]
[White "Kumar, Jay"]
[Black "Parker, Harold"]
[Result "1-0"]
[WhiteElo "1587"]
[BlackElo "1551"]
[PlyCount "57"]
[EventDate "2006.05.06"]
[EventType "swiss (rapid)"]
[EventRounds "5"]
[EventCountry "USA"]

1. e4 e5 2. Nf3 Nc6 3. Bc4 Bc5 4. c3 Nf6 5. d4 exd4 6. cxd4 Bb4+ 7. Bd2 Bxd2+
8. Nbxd2 d5 9. exd5 Nxd5 10. h3 O-O 11. O-O Nce7 12. Re1 c6 13. a3 Be6 14. Ne4
h6 15. Nc5 Bc8 16. b4 b6 17. Ne4 Bf5 18. Ng3 Be6 19. Qd2 Re8 20. Rac1 Rc8 21.
Ne5 Nf5 22. Nxf5 Bxf5 23. Ba6 Rc7 24. Nxc6 Rxe1+ 25. Qxe1 Be6 26. Nxd8 Re7 27.
Nxe6 Rxe6 28. Qd2 Nf6 29. Bd3 1-0

[Event "Powell Memorial G/45"]
[Site "San Francisco"]
[Date "2006.05.06"]
[Round "4"]
[White "Maparara, Anthony"]
[Black "Bukh, Yefim"]
[Result "0-1"]
[WhiteElo "1610"]
[BlackElo "1940"]
[PlyCount "62"]
[EventDate "2006.05.06"]
[EventType "swiss (rapid)"]
[EventRounds "5"]
[EventCountry "USA"]

1. d4 e6 2. e4 d5 3. exd5 exd5 4. Nf3 Bg4 5. Be2 c6 6. O-O Bd6 7. Re1 Ne7 8. h3
Bf5 9. Bg5 f6 10. Be3 Bc7 11. Nbd2 {or Nc3} Qd6 12. c4 g5 13. c5 Qd7 14. Nxg5
fxg5 15. Bxg5 O-O 16. Bh5 Ng6 17. Bxg6 Bxg6 18. Re7 Qf5 19. Nf3 Nd7 20. Bh6 Rf7
21. Qe2 Rxe7 22. Qxe7 Qf7 23. Re1 Re8 24. Qg5 Rxe1+ 25. Nxe1 Qf6 26. Qe3 Nf8
27. Nf3 Ne6 28. h4 Be4 29. Nh2 Qxh4 30. Nf3 Qf6 31. Nd2 Bg6 {
remainder illegible} 0-1

[Event "Powell Memorial G/45"]
[Site "San Francisco"]
[Date "2006.05.06"]
[Round "4"]
[White "Rekun, Kyrill"]
[Black "Bayaraa, Bekhtur"]
[Result "1-0"]
[WhiteElo "1432"]
[BlackElo "1596"]
[PlyCount "57"]
[EventDate "2006.05.06"]
[EventType "swiss (rapid)"]
[EventRounds "5"]
[EventCountry "USA"]

1. d4 Nf6 2. c4 e6 3. Nc3 Bb4 4. Qb3 Bxc3+ 5. bxc3 O-O 6. Nf3 d5 7. e3 Nbd7 8.
Bd3 c5 9. O-O cxd4 10. cxd4 dxc4 11. Bxc4 b6 12. Bb2 Bb7 13. Be2 Rc8 14. Rac1
Rxc1 15. Rxc1 Bd5 16. Qa4 Qa8 17. Rc7 b5 18. Qa5 a6 19. a3 Rc8 20. h3 h5 21.
Rxc8+ Qxc8 22. Qd2 Ne4 23. Qd3 Nb6 24. Ne5 f6 25. Ng6 Kf7 26. Bxh5 Nc4 27. Bc3
Nxa3 28. Bb4 Qc1+ 29. Kh2 1-0

[Event "Powell Memorial G/45"]
[Site "San Francisco"]
[Date "2006.05.06"]
[Round "4"]
[White "Sanguinetti, George"]
[Black "Wu, Christopher"]
[Result "1-0"]
[WhiteElo "1959"]
[BlackElo "1428"]
[PlyCount "84"]
[EventDate "2006.05.06"]
[EventType "swiss (rapid)"]
[EventRounds "5"]
[EventCountry "USA"]

1. e4 d5 2. exd5 Qxd5 3. Nc3 Qa5 4. Nf3 Nf6 5. g3 Bf5 6. Bg2 c6 7. b4 Qc7 8.
O-O e6 9. b5 Bd6 10. a4 O-O 11. Bb2 Nbd7 12. d3 Ne5 13. Nd4 Bg6 14. bxc6 Nxc6
15. Ncb5 Qd7 16. Nxc6 bxc6 17. Nxd6 Qxd6 18. Ba3 c5 19. d4 Ne4 20. dxc5 Qxd1
21. Rfxd1 Rac8 22. Rd7 Rfd8 23. Rad1 Rxd7 24. Rxd7 h6 25. Rd4 Nf6 26. Bb7 Rb8
27. c6 Nd5 28. c4 Nb6 29. a5 Nc8 30. a6 Nb6 31. Bc5 e5 32. Bxb6 exd4 33. c7 Re8
34. Bxd4 Bf5 35. Kg2 Be6 36. Bxa7 Re7 37. Bb6 Re8 38. c5 Bc8 39. c6 Kf8 40. a7
Be6 41. c8=Q Rxc8 42. Bxc8 Bd5+ {remainder illegible} 1-0

[Event "Powell Memorial G/45"]
[Site "San Francisco"]
[Date "2006.05.06"]
[Round "4"]
[White "Smelansky, Vadim"]
[Black "Zhong, Michael"]
[Result "0-1"]
[WhiteElo "1789"]
[BlackElo "1963"]
[PlyCount "67"]
[EventDate "2006.05.06"]
[EventType "swiss (rapid)"]
[EventRounds "5"]
[EventCountry "USA"]

1. e4 e6 2. d4 d5 3. exd5 exd5 4. Bd3 Nc6 5. Ne2 Nf6 6. O-O Bd6 7. Ng3 Nxd4 8.
Bg5 Ne6 9. Re1 O-O 10. Bxf6 Qxf6 11. Nc3 Nf4 12. Nxd5 Nxd5 13. Qh5 g6 14. Qxd5
Qxb2 15. Rab1 Qf6 16. Ne4 Qe5 17. Qxe5 Bxe5 18. Nc5 Bc3 19. Re2 Bg4 20. Re7 Bd4
21. Ne4 Rac8 22. c3 Bb6 23. Nf6+ Kg7 24. Nxg4 Rcd8 25. Bc4 h5 26. Ne3 Kf6 27.
Re4 c6 28. Rf4+ Kg5 29. Rxf7 Rfe8 30. Re1 Rd2 31. Rh7 Rf8 32. g3 Kf6 33. Rxb7
h4 34. Re2 {remainder missing} 0-1

[Event "Powell Memorial G/45"]
[Site "San Francisco"]
[Date "2006.05.06"]
[Round "4"]
[White "Tsai, Chris"]
[Black "Falconer, Neil"]
[Result "0-1"]
[WhiteElo "1509"]
[BlackElo "1961"]
[PlyCount "42"]
[EventDate "2006.05.06"]
[EventType "swiss (rapid)"]
[EventRounds "5"]
[EventCountry "USA"]

1. d4 Nf6 2. Nf3 b6 3. Bg5 Bb7 4. Nbd2 d5 5. e3 Nbd7 6. Bd3 Ne4 7. Bf4 Ndf6 8.
Ne5 c6 9. c4 Nxd2 10. Qxd2 e6 11. cxd5 Nxd5 12. O-O Nxf4 13. exf4 Qxd4 14. Nxf7
Bc5 15. Qd1 Rf8 16. Ne5 O-O-O 17. Qb3 Qxf4 18. Qxe6+ Kc7 19. Rac1 Rf6 20. Qc4
Rd4 21. Qb5 Rd5 0-1

[Event "Powell Memorial G/45"]
[Site "San Francisco"]
[Date "2006.05.06"]
[Round "4"]
[White "Vayntrub, Dmitry"]
[Black "Malkiel, Dan"]
[Result "1-0"]
[WhiteElo "2120"]
[BlackElo "2110"]
[PlyCount "44"]
[EventDate "2006.05.06"]
[EventType "swiss (rapid)"]
[EventRounds "5"]
[EventCountry "USA"]

1. Nf3 c5 2. b3 Nc6 3. Bb2 e6 4. e3 Nf6 5. Bb5 Qc7 6. O-O a6 7. Bxc6 Qxc6 8. c4
b6 9. Nc3 Bb7 10. d4 Be7 11. e4 cxd4 12. Nxd4 Qc7 13. Re1 O-O 14. e5 Ne8 15.
Qg4 f6 16. Rad1 fxe5 17. Nxe6 dxe6 18. Qxe6+ Rf7 19. Nd5 Bxd5 20. Rxd5 Bc5 21.
Bxe5 Bxf2+ 22. Kh1 Qc8 1-0